| 000 | 00431nam a2200169 i 4500 | ||
|---|---|---|---|
| 001 | 182108 | ||
| 003 | ES-MaACL | ||
| 005 | 20230906221530.0 | ||
| 007 | t| | ||
| 008 | 130610s2003 pe r ||||1| spa d | ||
| 080 | _a821.134.2(85)-14"19" | ||
| 100 | 1 |
_aSoto, Edgar. _9107480 |
|
| 245 | 1 | 0 |
_aLluvia de "JAZZ" / _cEdgar Soto. |
| 260 |
_aTrujillo : _b[s.n.], _c2003. |
||
| 300 |
_a10 h. ; _c30 cm. |
||
| 852 |
_aES-MaACL _j1803-F-22 |
||
| 999 |
_c182108 _d182108 |
||